[Event "Toronto"]
[Site "Toronto CAN"]
[Date "2012.05.07"]
[Round "6"]
[White "Samsonkin, Artiom"]
[Black "Kleinman, Michael"]
[Result "1-0"]
[WhiteElo "2568"]
[BlackElo "2383"]
[PlyCount "133"]
[GameId "2160767909509996"]
[EventDate "2012.03.26"]
[EventType "tourn"]
[EventRounds "9"]
[EventCountry "CAN"]
[SourceTitle "EXT 2022"]
[Source "ChessBase"]
[SourceDate "2021.10.06"]
[SourceVersion "1"]
[SourceVersionDate "2021.10.06"]
[SourceQuality "1"]

1. e4 c5 2. Nf3 Nc6 3. d4 cxd4 4. Nxd4 e6 5. Nc3 Qc7 6. a3 a6 7. Nxc6 Qxc6 8. Bd3 b5 9. O-O Bb7 10. Qe2 Nf6 11. Bg5 h6 12. Bd2 Bc5 13. Kh1 h5 14. h3 h4 15. Rad1 Bd4 16. Rde1 Rc8 17. Nd1 d5 18. e5 Ne4 19. Bf4 Qc7 20. f3 Nf6 21. Qd2 Nh5 22. c3 Bb6 23. Bh2 Qe7 24. Ne3 Ng3+ 25. Bxg3 hxg3 26. Nc2 Bf2 27. Re2 Qh4 28. Rfxf2 gxf2 29. Rxf2 d4 30. Nxd4 Qg3 31. Re2 Rh5 32. Be4 Bxe4 33. Rxe4 Rxe5 34. Ne2 Qg5 35. f4 Rd5 36. Qe3 Qd8 37. Nd4 Kf8 38. Kh2 Qd7 39. Nf3 Rd8 40. Qf2 Qc7 41. Qh4 Qc5 42. Qh8+ Ke7 43. Qxg7 Rf8 44. Ng5 Ke8 45. Nh7 Rd2 46. Nxf8 Qxf8 47. Qe5 Qd6 48. Qh8+ Ke7 49. Rd4 Rxd4 50. Qxd4 Qc7 51. h4 f6 52. h5 Kf7 53. Qe4 f5 54. Qe5 Qe7 55. Kh3 Kg8 56. b3 Qf7 57. Kh4 Kh7 58. g4 fxg4 59. Kxg4 Qb7 60. Qxe6 Qg2+ 61. Kf5 Qh3+ 62. Kf6 Qxc3+ 63. Qe5 Qc6+ 64. Kg5 Qg2+ 65. Kf5 Qh3+ 66. Kf6 Qh4+ 67. Qg5 1-0

[Event "Toronto"]
[Site "Toronto CAN"]
[Date "2012.05.07"]
[Round "6"]
[White "Song, Michael"]
[Black "Barron, Michael"]
[Result "1/2-1/2"]
[WhiteElo "2217"]
[BlackElo "2266"]
[PlyCount "68"]
[GameId "2160767909509997"]
[EventDate "2012.03.26"]
[EventType "tourn"]
[EventRounds "9"]
[EventCountry "CAN"]
[SourceTitle "EXT 2022"]
[Source "ChessBase"]
[SourceDate "2021.10.06"]
[SourceVersion "1"]
[SourceVersionDate "2021.10.06"]
[SourceQuality "1"]

1. d4 f5 2. g3 Nf6 3. Bg2 g6 4. Nf3 Bg7 5. O-O O-O 6. b3 c5 7. e3 d5 8. Bb2 Ne4 9. c4 Be6 10. Nbd2 Nc6 11. Rc1 cxd4 12. Nxe4 dxe4 13. Nxd4 Bd7 14. Nxc6 Bxc6 15. Qc2 Qa5 16. Bxg7 Kxg7 17. Qb2+ Kf7 18. b4 Qc7 19. b5 Bd7 20. Rfd1 Be6 21. Bf1 Rfd8 22. Qb4 b6 23. a3 Rxd1 24. Rxd1 Rc8 25. Rd4 Qe5 26. a4 h5 27. Qd2 h4 28. Rd8 hxg3 29. hxg3 Rxd8 30. Qxd8 Qa1 31. Qd4 Qxa4 32. Qh8 Bxc4 33. Qh7+ Kf6 34. Qh8+ Kf7 1/2-1/2

[Event "Toronto"]
[Site "Toronto CAN"]
[Date "2012.05.07"]
[Round "6"]
[White "Southam, David"]
[Black "Humphreys, Michael"]
[Result "1-0"]
[WhiteElo "2222"]
[BlackElo "2330"]
[PlyCount "109"]
[GameId "2160767909509998"]
[EventDate "2012.03.26"]
[EventType "tourn"]
[EventRounds "9"]
[EventCountry "CAN"]
[SourceTitle "EXT 2022"]
[Source "ChessBase"]
[SourceDate "2021.10.06"]
[SourceVersion "1"]
[SourceVersionDate "2021.10.06"]
[SourceQuality "1"]

1. d4 Nf6 2. c4 e6 3. Nc3 Bb4 4. e3 b6 5. Nge2 c5 6. a3 Ba5 7. Rb1 Na6 8. Bd2 Bb7 9. Nb5 Bxd2+ 10. Qxd2 d5 11. cxd5 Nxd5 12. dxc5 Nxc5 13. b4 Ne4 14. Qd4 Ndf6 15. Qxd8+ Kxd8 16. f3 a6 17. Nbc3 Nxc3 18. Nxc3 b5 19. Bd3 Rc8 20. Kd2 Ke7 21. Rhc1 Rhd8 22. Ne2 Nd7 23. Rxc8 Rxc8 24. Rc1 Nb6 25. Rxc8 Bxc8 26. f4 Bb7 27. g3 Bd5 28. Kc3 Bc4 29. Nd4 Bxd3 30. Kxd3 Nc4 31. Nb3 Nxa3 32. Nc5 Nc4 33. Nxa6 Kd6 34. Nc5 f5 35. e4 e5 36. exf5 exf4 37. gxf4 Ke7 38. Ne4 h5 39. h4 Nb2+ 40. Kd4 Nc4 41. Kc5 Na3 42. Kc6 Kf7 43. Kd5 Nc2 44. Kc5 Ne3 45. Ng3 Ng2 46. Kxb5 Nxf4 47. Kc6 g6 48. b5 gxf5 49. Nxf5 Ne6 50. b6 Nd8+ 51. Kd7 Ne6 52. Nd6+ Kf6 53. Ne4+ Ke5 54. b7 Nf8+ 55. Ke8 1-0

[Event "Toronto"]
[Site "Toronto CAN"]
[Date "2012.05.14"]
[Round "7"]
[White "Barron, Michael"]
[Black "Samsonkin, Artiom"]
[Result "1-0"]
[WhiteElo "2266"]
[BlackElo "2568"]
[PlyCount "75"]
[GameId "2160767909509999"]
[EventDate "2012.03.26"]
[EventType "tourn"]
[EventRounds "9"]
[EventCountry "CAN"]
[SourceTitle "EXT 2022"]
[Source "ChessBase"]
[SourceDate "2021.10.06"]
[SourceVersion "1"]
[SourceVersionDate "2021.10.06"]
[SourceQuality "1"]

1. e4 c5 2. Nf3 d6 3. d4 cxd4 4. Nxd4 Nf6 5. Nc3 Nc6 6. Be2 e5 7. Nb3 Be7 8. O-O O-O 9. Kh1 a5 10. a4 Nb4 11. f4 Bd7 12. Bf3 Rc8 13. Be3 Be6 14. f5 Bc4 15. Rf2 d5 16. exd5 Nfxd5 17. Nxd5 Nxd5 18. Bxd5 Bxd5 19. Rd2 Bxb3 20. Rxd8 Rfxd8 21. Qf3 Bxc2 22. Qxb7 Bc5 23. Bxc5 Rxc5 24. h3 Rcd5 25. b4 Be4 26. Re1 Bxf5 27. b5 e4 28. Qc7 Re8 29. b6 Rd7 30. Qc5 g6 31. Qxa5 e3 32. Qb5 Ree7 33. a5 Bd3 34. b7 Rxb7 35. Qxd3 Ra7 36. Qd8+ Kg7 37. Rxe3 Red7 38. Qb6 1-0

[Event "Toronto"]
[Site "Toronto CAN"]
[Date "2012.05.14"]
[Round "7"]
[White "Humphreys, Michael"]
[Black "Birarov, Vladimir"]
[Result "1-0"]
[WhiteElo "2330"]
[BlackElo "2261"]
[PlyCount "121"]
[GameId "2160767909510000"]
[EventDate "2012.03.26"]
[EventType "tourn"]
[EventRounds "9"]
[EventCountry "CAN"]
[SourceTitle "EXT 2022"]
[Source "ChessBase"]
[SourceDate "2021.10.06"]
[SourceVersion "1"]
[SourceVersionDate "2021.10.06"]
[SourceQuality "1"]

1. Nf3 g6 2. c4 Bg7 3. Nc3 c5 4. g3 Nc6 5. Bg2 e6 6. e3 Nge7 7. O-O O-O 8. d4 cxd4 9. exd4 d5 10. cxd5 Nxd5 11. Qb3 Qb6 12. Nxd5 Qxb3 13. axb3 exd5 14. Be3 Be6 15. Rfd1 Rfd8 16. Rac1 Rac8 17. Ne5 Nxe5 18. Rxc8 Nf3+ 19. Bxf3 Rxc8 20. Ra1 a6 21. Ra5 Rc7 22. Kg2 Bf8 23. Bd2 h5 24. h4 Be7 25. Bc3 Kf8 26. b4 Bd8 27. Ra1 Ke7 28. Re1 Kd6 29. Be2 Re7 30. b5 a5 31. Bf3 b6 32. Bd2 Bg4 33. Bf4+ Kd7 34. Rxe7+ Bxe7 35. Bxd5 f6 36. f3 Bf5 37. Bc6+ Kd8 38. Be4 g5 39. Bxf5 gxf4 40. g4 Ke8 41. Bg6+ Kf8 42. Bxh5 Kg7 43. Be8 a4 44. Kf1 Bb4 45. Bc6 Bd2 46. Bd5 Bc1 47. Bc4 Bxb2 48. d5 Be5 49. Ke2 Kg6 50. Kd2 a3 51. Bd3+ Kh6 52. Bb1 f5 53. gxf5 Kh5 54. Kd3 Kxh4 55. Ke4 Bd6 56. f6 Kg3 57. Ba2 Bf8 58. f7 Bb4 59. Kf5 Kxf3 60. Ke6 Bf8 61. d6 1-0

[Event "Toronto"]
[Site "Toronto CAN"]
[Date "2012.05.14"]
[Round "7"]
[White "Kleinman, Michael"]
[Black "Renteria, Rolando"]
[Result "1-0"]
[WhiteElo "2383"]
[BlackElo "2267"]
[PlyCount "53"]
[GameId "2160767909510001"]
[EventDate "2012.03.26"]
[EventType "tourn"]
[EventRounds "9"]
[EventCountry "CAN"]
[SourceTitle "EXT 2022"]
[Source "ChessBase"]
[SourceDate "2021.10.06"]
[SourceVersion "1"]
[SourceVersionDate "2021.10.06"]
[SourceQuality "1"]

1. e4 e5 2. Nf3 d6 3. d4 Nd7 4. Nc3 c6 5. a4 b6 6. Bc4 Be7 7. dxe5 dxe5 8. Ng5 Bxg5 9. Qh5 Qe7 10. Bxg5 Ngf6 11. Qe2 Nc5 12. O-O Ne6 13. Be3 O-O 14. Rfd1 Bb7 15. a5 b5 16. Bxe6 fxe6 17. a6 Bc8 18. f3 Nh5 19. Qd2 Nf4 20. Qd6 Qg5 21. Bxf4 exf4 22. e5 Qg6 23. Qxc6 Rb8 24. Qc7 Rb6 25. Rd8 Bxa6 26. Rxf8+ Kxf8 27. Rd1 1-0

[Event "Toronto"]
[Site "Toronto CAN"]
[Date "2012.05.14"]
[Round "7"]
[White "Plotkin, Victor"]
[Black "Southam, David"]
[Result "1/2-1/2"]
[WhiteElo "2399"]
[BlackElo "2222"]
[PlyCount "104"]
[GameId "2160767909510002"]
[EventDate "2012.03.26"]
[EventType "tourn"]
[EventRounds "9"]
[EventCountry "CAN"]
[SourceTitle "EXT 2022"]
[Source "ChessBase"]
[SourceDate "2021.10.06"]
[SourceVersion "1"]
[SourceVersionDate "2021.10.06"]
[SourceQuality "1"]

1. Nf3 e6 2. c4 d5 3. d4 c6 4. e3 Nf6 5. Nc3 Nbd7 6. Bd3 dxc4 7. Bxc4 b5 8. Bd3 a6 9. O-O c5 10. Qe2 Bb7 11. Rd1 Qb6 12. b3 Rc8 13. Bb2 cxd4 14. exd4 Bb4 15. Ne4 Nxe4 16. Bxe4 Bxe4 17. Qxe4 Nf6 18. Qh4 Nd5 19. Ne5 Qb7 20. Rd3 Rc2 21. Rf3 Rxb2 22. Rxf7 Qxf7 23. Nxf7 Kxf7 24. Qh5+ g6 25. Qe5 Rc8 26. a4 bxa4 27. bxa4 Rcc2 28. Rf1 Re2 29. Qh8 Nf6 30. g4 g5 31. h4 Re4 32. f3 Ree2 33. Rc1 Rg2+ 34. Kh1 Rh2+ 35. Kg1 Rbg2+ 36. Kf1 gxh4 37. Rc7+ Be7 38. Rxe7+ Kxe7 39. Qg7+ Kd6 40. Qxf6 h3 41. Qd8+ Kc6 42. Qa8+ Kd7 43. Qb7+ Ke8 44. Qc8+ Kf7 45. Qd7+ Kf6 46. Qd8+ Kg6 47. Qg8+ Kh6 48. Qxe6+ Kg5 49. Qe3+ Kh4 50. Qe1+ Kg5 51. Qe5+ Kg6 52. Qe6+ Kg7 1/2-1/2

[Event "Toronto"]
[Site "Toronto CAN"]
[Date "2012.05.28"]
[Round "8"]
[White "Samsonkin, Artiom"]
[Black "Renteria, Rolando"]
[Result "1-0"]
[WhiteElo "2568"]
[BlackElo "2267"]
[PlyCount "55"]
[GameId "2160767909510003"]
[EventDate "2012.03.26"]
[EventType "tourn"]
[EventRounds "9"]
[EventCountry "CAN"]
[SourceTitle "EXT 2022"]
[Source "ChessBase"]
[SourceDate "2021.10.06"]
[SourceVersion "1"]
[SourceVersionDate "2021.10.06"]
[SourceQuality "1"]

1. e4 e5 2. f4 exf4 3. Nf3 Ne7 4. Bc4 Ng6 5. d4 Bb4+ 6. Nc3 O-O 7. h4 d5 8. Bxd5 h5 9. Qd3 c6 10. Bb3 Bg4 11. e5 Bxf3 12. gxf3 Kh8 13. Kf1 f5 14. Ne2 Be7 15. Nxf4 Nxf4 16. Bxf4 Bxh4 17. Bg3 g5 18. Bxh4 gxh4 19. Qe3 f4 20. Qf2 Rf5 21. Rxh4 Na6 22. Be6 Rg5 23. Qh2 Qe8 24. Qxf4 Qe7 25. Bf7 Rf8 26. Qxg5 Qxg5 27. Rxh5+ Qxh5 28. Bxh5 1-0

[Event "Toronto"]
[Site "Toronto CAN"]
[Date "2012.05.28"]
[Round "8"]
[White "Song, Michael"]
[Black "Humphreys, Michael"]
[Result "1-0"]
[WhiteElo "2217"]
[BlackElo "2330"]
[PlyCount "84"]
[GameId "2160767909510004"]
[EventDate "2012.03.26"]
[EventType "tourn"]
[EventRounds "9"]
[EventCountry "CAN"]
[SourceTitle "EXT 2022"]
[Source "ChessBase"]
[SourceDate "2021.10.06"]
[SourceVersion "1"]
[SourceVersionDate "2021.10.06"]
[SourceQuality "1"]

1. d4 Nf6 2. c4 e6 3. g3 d5 4. Nf3 Bb4+ 5. Bd2 Bd6 6. Bg2 c6 7. Qc2 Nbd7 8. O-O O-O 9. Rd1 Ne4 10. Be1 Qe7 11. Nfd2 f5 12. Nxe4 fxe4 13. f3 exf3 14. Bxf3 Nf6 15. Nc3 dxc4 16. Ne4 Nd5 17. Bd2 b5 18. b3 Ba6 19. a4 Bb4 20. axb5 Bxd2 21. Rxa6 Be3+ 22. Kh1 Nb4 23. Qxc4 Nxa6 24. bxa6 Rfd8 25. Nc5 Rd5 26. Rd3 Rxc5 27. dxc5 Bxc5 28. Bxc6 Rf8 29. Bf3 Bb6 30. Kg2 Qc5 31. Qxc5 Bxc5 32. Rc3 Bd4 33. Rc4 e5 34. Rc7 h6 35. b4 Rf6 36. b5 Kf8 37. Rb7 Rf7 38. Bd5 Rf6 39. Bc6 Rd6 40. Kf3 Rf6+ 41. Ke4 Re6 42. e3 Re7 1-0

[Event "Toronto"]
[Site "Toronto CAN"]
[Date "2012.05.28"]
[Round "8"]
[White "Southam, David"]
[Black "Kleinman, Michael"]
[Result "1/2-1/2"]
[WhiteElo "2222"]
[BlackElo "2383"]
[PlyCount "218"]
[GameId "2160767909510005"]
[EventDate "2012.03.26"]
[EventType "tourn"]
[EventRounds "9"]
[EventCountry "CAN"]
[SourceTitle "EXT 2022"]
[Source "ChessBase"]
[SourceDate "2021.10.06"]
[SourceVersion "1"]
[SourceVersionDate "2021.10.06"]
[SourceQuality "1"]

1. d4 Nf6 2. c4 g6 3. Nc3 d5 4. cxd5 Nxd5 5. e4 Nxc3 6. bxc3 Bg7 7. Be3 c5 8. Rc1 Qa5 9. Qd2 O-O 10. Nf3 Rd8 11. d5 e6 12. c4 Qxd2+ 13. Nxd2 Na6 14. Bd3 Bd7 15. O-O Rac8 16. a3 b6 17. Rb1 Bd4 18. Bg5 f6 19. Bh4 g5 20. Bg3 e5 21. Kh1 Nc7 22. Nb3 Ne8 23. Rfc1 Nd6 24. f3 Kf7 25. Be1 Be3 26. Bd2 Bxd2 27. Nxd2 Rc7 28. Nf1 Nb7 29. Ne3 Na5 30. Kg1 Rcc8 31. Kf2 Rh8 32. Ke2 h5 33. Kd2 Rcg8 34. Rf1 Ke7 35. Kc3 Nb7 36. Bc2 Nd6 37. Bd3 Rb8 38. a4 Rb7 39. Bc2 Kd8 40. Rf2 Kc7 41. Ra1 a6 42. Bd3 Rhb8 43. Rfa2 Rf8 44. Ra3 Rbb8 45. R3a2 Be8 46. Kd2 Bg6 47. Re1 Rb7 48. Nd1 Rbb8 49. Nc3 Nb7 50. Rf1 Na5 51. Kc2 Kd6 52. Rb1 Rf7 53. Rab2 Rfb7 54. Rf1 Rd7 55. Rfb1 Kc7 56. Rf1 Rd6 57. Rf2 Rd7 58. Rb1 Rf8 59. Re1 Nb7 60. Kd2 Nd6 61. Kc2 Rdd8 62. Kd2 Be8 63. Rb1 Bd7 64. Rff1 Rb8 65. Rb2 Rb7 66. Rfb1 Ra8 67. Ra2 Rbb8 68. Rba1 Bc8 69. Ra3 Bb7 70. R3a2 Bc8 71. Ra3 a5 72. Nb5+ Nxb5 73. cxb5 Kd6 74. Bc4 Bd7 75. Ke2 Rg8 76. Rf1 Raf8 77. Re3 f5 78. exf5 Bxf5 79. Kd2 Bg6 80. Rfe1 Rf4 81. Bb3 c4 82. Bc2 Bxc2 83. Kxc2 Re8 84. Re4 Kxd5 85. Rxf4 gxf4 86. Rd1+ Kc5 87. Rd7 Kb4 88. Rd6 e4 89. fxe4 Rxe4 90. Rxb6 Re2+ 91. Kd1 Rxg2 92. Rc6 f3 93. Ke1 Kxa4 94. b6 Rg8 95. b7 Rb8 96. Rxc4+ Kb3 97. Rf4 a4 98. Rxf3+ Kb2 99. Rf2+ Kb1 100. Rf4 a3 101. Rb4+ Kc2 102. Rb6 Kc3 103. Kf2 a2 104. Ra6 Kb3 105. Rb6+ Kc4 106. Ra6 Kb3 107. Rb6+ Kc2 108. Ra6 Kb1 109. Rb6+ Kc2 1/2-1/2

[Event "Toronto"]
[Site "Toronto CAN"]
[Date "2012.06.03"]
[Round "8"]
[White "Birarov, Vladimir"]
[Black "Plotkin, Victor"]
[Result "0-1"]
[WhiteElo "2261"]
[BlackElo "2399"]
[PlyCount "80"]
[GameId "2160767909510006"]
[EventDate "2012.03.26"]
[EventType "tourn"]
[EventRounds "9"]
[EventCountry "CAN"]
[SourceTitle "EXT 2022"]
[Source "ChessBase"]
[SourceDate "2021.10.06"]
[SourceVersion "1"]
[SourceVersionDate "2021.10.06"]
[SourceQuality "1"]

1. Nf3 Nf6 2. d4 e6 3. c4 d5 4. g3 Be7 5. Bg2 O-O 6. O-O dxc4 7. Na3 Bxa3 8. bxa3 Nbd7 9. a4 a5 10. Ba3 Re8 11. Qc2 Nb6 12. Bc5 Nfd5 13. Ne5 Nb4 14. Qd1 f6 15. Bxb6 fxe5 16. Bc5 exd4 17. Bxd4 e5 18. Bc3 c6 19. Qb1 Nd5 20. Rd1 Qc7 21. Bxd5+ cxd5 22. Qb5 Be6 23. e3 Bf7 24. Rab1 Re7 25. Rb2 Rd7 26. Rbd2 Re7 27. Rb1 h6 28. Rdb2 Ra7 29. f4 exf4 30. gxf4 Kh7 31. Bd4 Ra6 32. Qxb7 Rg6+ 33. Kf2 Qd6 34. Qb8 Qe6 35. Rg1 Qh3 36. Rxg6 Bxg6 37. Ke1 c3 38. Rf2 Rxe3+ 39. Bxe3 Qxe3+ 40. Kf1 c2 0-1

[Event "Toronto"]
[Site "Toronto CAN"]
[Date "2012.06.04"]
[Round "9"]
[White "Humphreys, Michael"]
[Black "Barron, Michael"]
[Result "1-0"]
[WhiteElo "2330"]
[BlackElo "2266"]
[PlyCount "123"]
[GameId "2160767909510007"]
[EventDate "2012.03.26"]
[EventType "tourn"]
[EventRounds "9"]
[EventCountry "CAN"]
[SourceTitle "EXT 2022"]
[Source "ChessBase"]
[SourceDate "2021.10.06"]
[SourceVersion "1"]
[SourceVersionDate "2021.10.06"]
[SourceQuality "1"]

1. d4 f5 2. c3 Nf6 3. Bg5 e6 4. Nd2 d5 5. Ngf3 c5 6. e3 Nc6 7. Ne5 Bd6 8. Bxf6 Qxf6 9. f4 O-O 10. Ndf3 h6 11. Rg1 g5 12. g4 Bxe5 13. dxe5 Qf7 14. h4 gxf4 15. gxf5+ Kh8 16. f6 Rg8 17. Ng5 hxg5 18. hxg5 Qh7 19. exf4 Qh4+ 20. Ke2 Nxe5 21. fxe5 Rxg5 22. Rxg5 Qxg5 23. Qa4 Qxe5+ 24. Kd2 Qxf6 25. Qe8+ Kg7 26. Bd3 Qg5+ 27. Kc2 Qg2+ 28. Kb3 c4+ 29. Ka3 cxd3 30. Qe7+ Kg6 31. Qe8+ Kf5 32. Qf8+ Kg4 33. Rg1 Qxg1 34. Qg7+ Kf3 35. Qxg1 d2 36. Kb3 e5 37. Kc2 Bf5+ 38. Kxd2 Rh8 39. Qf1+ Kg4 40. Qe2+ Kf4 41. Qe3+ Kg4 42. Qxe5 Rh3 43. Qg7+ Kf4 44. Qd4+ Be4 45. Qf6+ Bf5 46. Qd6+ Kg4 47. Qb4+ Be4 48. Qxb7 Rh7 49. Qc8+ Kf4 50. Qf8+ Bf5 51. Qd6+ Kf3 52. Qe5 Be4 53. Qf6+ Kg2 54. Ke3 Rh3+ 55. Kd4 Rd3+ 56. Kc5 Rg3 57. Qe7 a6 58. c4 Rd3 59. Qg5+ Kf2 60. cxd5 Ke2 61. d6 Kd1 62. d7 1-0

[Event "Toronto"]
[Site "Toronto CAN"]
[Date "2012.06.04"]
[Round "9"]
[White "Kleinman, Michael"]
[Black "Birarov, Vladimir"]
[Result "1-0"]
[WhiteElo "2383"]
[BlackElo "2261"]
[PlyCount "81"]
[GameId "2160767909510008"]
[EventDate "2012.03.26"]
[EventType "tourn"]
[EventRounds "9"]
[EventCountry "CAN"]
[SourceTitle "EXT 2022"]
[Source "ChessBase"]
[SourceDate "2021.10.06"]
[SourceVersion "1"]
[SourceVersionDate "2021.10.06"]
[SourceQuality "1"]

1. e4 d5 2. exd5 Nf6 3. Be2 Qxd5 4. Nf3 e5 5. Nc3 Qa5 6. O-O Nc6 7. d3 Be7 8. Bd2 O-O 9. a3 Qc5 10. Ne4 Nxe4 11. dxe4 Rd8 12. c3 Bg4 13. Qc1 h6 14. h3 Bh5 15. Be3 Qd6 16. Qc2 Bg6 17. Bc4 Qf6 18. a4 a6 19. Nh2 Qh4 20. f3 h5 21. f4 exf4 22. Rxf4 Qg5 23. Qf2 Qe5 24. Rxf7 Bxf7 25. Qxf7+ Kh8 26. Nf3 Qxe4 27. Qxh5+ Qh7 28. Qg4 Rf8 29. Be6 Rae8 30. Rd1 g6 31. Rd7 Qh5 32. Bd4+ Nxd4 33. Qxd4+ Bf6 34. Qc4 b5 35. Qc6 Qh6 36. Bf7 Qc1+ 37. Kf2 Qe3+ 38. Kf1 Bh4 39. g3 Bxg3 40. Qf6+ Kh7 41. Bg8+ 1-0

[Event "Toronto"]
[Site "Toronto CAN"]
[Date "2012.06.04"]
[Round "9"]
[White "Plotkin, Victor"]
[Black "Song, Michael"]
[Result "1/2-1/2"]
[WhiteElo "2399"]
[BlackElo "2217"]
[PlyCount "79"]
[GameId "2160767909510009"]
[EventDate "2012.03.26"]
[EventType "tourn"]
[EventRounds "9"]
[EventCountry "CAN"]
[SourceTitle "EXT 2022"]
[Source "ChessBase"]
[SourceDate "2021.10.06"]
[SourceVersion "1"]
[SourceVersionDate "2021.10.06"]
[SourceQuality "1"]

1. e4 c5 2. c3 Nf6 3. e5 Nd5 4. d4 Nc6 5. Nf3 cxd4 6. Bc4 Nb6 7. Bb3 d5 8. exd6 Qxd6 9. Nxd4 e5 10. Nxc6 Qxd1+ 11. Bxd1 bxc6 12. O-O Be6 13. Re1 Bd6 14. Nd2 O-O-O 15. Ne4 Be7 16. Ng5 Bxg5 17. Bxg5 f6 18. Be3 Nc4 19. Bc1 Rhe8 20. Bc2 g6 21. f4 Bf5 22. Bxf5+ gxf5 23. fxe5 fxe5 24. Bg5 Rd3 25. Re2 Kd7 26. Rc1 e4 27. Bf4 h5 28. b3 Ne5 29. Re3 Rxe3 30. Bxe3 Nd3 31. Rf1 Ke6 32. g3 Ne5 33. Rd1 a6 34. Kg2 Re7 35. Rd8 Rd7 36. Re8+ Re7 37. Rh8 Rd7 38. Re8+ Re7 39. Rh8 Rd7 40. Re8+ 1/2-1/2

[Event "Toronto"]
[Site "Toronto CAN"]
[Date "2012.06.04"]
[Round "9"]
[White "Renteria, Rolando"]
[Black "Southam, David"]
[Result "1-0"]
[WhiteElo "2267"]
[BlackElo "2222"]
[PlyCount "77"]
[GameId "2160767909510010"]
[EventDate "2012.03.26"]
[EventType "tourn"]
[EventRounds "9"]
[EventCountry "CAN"]
[SourceTitle "EXT 2022"]
[Source "ChessBase"]
[SourceDate "2021.10.06"]
[SourceVersion "1"]
[SourceVersionDate "2021.10.06"]
[SourceQuality "1"]

1. e4 e6 2. b3 Be7 3. Bb2 Bf6 4. e5 Be7 5. f4 Nh6 6. Nf3 b6 7. d4 O-O 8. Bd3 Bb7 9. Nbd2 d5 10. Qe2 c5 11. O-O-O Nc6 12. c3 Rc8 13. Kb1 cxd4 14. Nxd4 Nxd4 15. cxd4 Bb4 16. Nf3 g6 17. h4 Nf5 18. Qf2 h5 19. Rdg1 Bc3 20. Ba3 Nh6 21. Nh2 b5 22. g4 b4 23. Bc1 Qb6 24. Be3 Ba6 25. Bc2 hxg4 26. Nxg4 Nxg4 27. Rxg4 Kg7 28. h5 Rh8 29. Rhh4 Qd8 30. hxg6 Rxh4 31. Rxh4 fxg6 32. Qg3 Qe8 33. Rg4 Qh8 34. Rxg6+ Kf7 35. Rf6+ Ke7 36. Qg6 Rc6 37. Rf7+ Kd8 38. Qg5+ Kc8 39. Qe7 1-0

[Event "Toronto Battle of inv"]
[Site "Toronto CAN"]
[Date "2012.10.15"]
[Round "1"]
[White "Armstrong, Robert J"]
[Black "Uddin, Mohammad"]
[Result "0-1"]
[WhiteElo "1652"]
[BlackElo "1631"]
[PlyCount "78"]
[GameId "2160767909411807"]
[EventDate "2012.10.15"]
[EventType "tourn"]
[EventRounds "7"]
[EventCountry "CAN"]
[SourceTitle "EXT 2022"]
[Source "ChessBase"]
[SourceDate "2021.10.06"]
[SourceVersion "1"]
[SourceVersionDate "2021.10.06"]
[SourceQuality "1"]

1. g3 d5 2. Bg2 Nf6 3. c4 e6 4. Qb3 Be7 5. cxd5 exd5 6. Nc3 c6 7. d3 O-O 8. h4 Re8 9. Bg5 Na6 10. d4 Nc7 11. f3 Ne6 12. Be3 Qc7 13. Bf2 Bd6 14. f4 Ng4 15. e3 Nxd4 16. Qa4 Nf5 17. Nxd5 Qd8 18. Nc3 Nfxe3 19. Bxe3 Nxe3 20. Kf2 Qb6 21. Nge2 Ng4+ 22. Ke1 Qf2+ 23. Kd2 Qxg2 24. Qd4 Bf5 25. Raf1 c5 26. Qxd6 Rad8 27. Qxd8 Rxd8+ 28. Kc1 Bd3 29. Rhg1 Qc6 30. Rd1 c4 31. Rge1 Qb6 32. Ng1 f6 33. Rd2 a6 34. Nf3 Qa5 35. Re7 b5 36. Ne1 b4 37. Ne4 Qxa2 38. Nxd3 Qa1+ 39. Kc2 Ne3# 0-1

[Event "Toronto Battle of inv"]
[Site "Toronto CAN"]
[Date "2012.10.15"]
[Round "1"]
[White "Bzikot, Robert"]
[Black "Longo, Tyler"]
[Result "0-1"]
[WhiteElo "1940"]
[BlackElo "2065"]
[PlyCount "48"]
[GameId "2160767909411808"]
[EventDate "2012.10.15"]
[EventType "tourn"]
[EventRounds "7"]
[EventCountry "CAN"]
[SourceTitle "EXT 2022"]
[Source "ChessBase"]
[SourceDate "2021.10.06"]
[SourceVersion "1"]
[SourceVersionDate "2021.10.06"]
[SourceQuality "1"]

1. e4 d5 2. exd5 Nf6 3. Bc4 Bg4 4. f3 Bf5 5. Nc3 Nbd7 6. g4 Nb6 7. Bb3 Bg6 8. Qe2 Qd7 9. d3 Nbxd5 10. Nxd5 Nxd5 11. f4 h5 12. f5 Bh7 13. Qf3 O-O-O 14. h3 e6 15. Bxd5 Qxd5 16. Qxd5 Rxd5 17. fxe6 Re5+ 18. Ne2 Rxe6 19. Bf4 Bb4+ 20. Kf2 Rhe8 21. Nc1 Rf6 22. Ne2 Bc5+ 23. Kf1 g5 24. gxh5 gxf4 0-1

[Event "Toronto Battle of inv"]
[Site "Toronto CAN"]
[Date "2012.10.15"]
[Round "1"]
[White "Dougherty, Michael"]
[Black "Moran-Venegas, Mario"]
[Result "1-0"]
[WhiteElo "2275"]
[BlackElo "1757"]
[PlyCount "93"]
[GameId "2160767909411809"]
[EventDate "2012.10.15"]
[EventType "tourn"]
[EventRounds "7"]
[EventCountry "CAN"]
[SourceTitle "EXT 2022"]
[Source "ChessBase"]
[SourceDate "2021.10.06"]
[SourceVersion "1"]
[SourceVersionDate "2021.10.06"]
[SourceQuality "1"]

1. c4 Nf6 2. Nc3 c6 3. d4 d5 4. cxd5 cxd5 5. Bf4 Nc6 6. e3 e6 7. Bd3 Be7 8. Rc1 a6 9. Nf3 Nh5 10. Be5 Nf6 11. O-O Nxe5 12. dxe5 Nd7 13. e4 Nb6 14. Qb3 dxe4 15. Nxe4 O-O 16. Rfd1 Bd7 17. Bb1 Rb8 18. Qd3 g6 19. Qe3 Nd5 20. Qh6 f6 21. exf6 Bxf6 22. Nfg5 Qe7 23. Nxf6+ Nxf6 24. Rc4 Qg7 25. Qxg7+ Kxg7 26. Rxd7+ Nxd7 27. Nxe6+ Kf6 28. Nxf8 Nxf8 29. Kf1 Rd8 30. Ke2 Ne6 31. g3 Nd4+ 32. Ke3 Nf5+ 33. Bxf5 Kxf5 34. Rc7 Re8+ 35. Kf3 b5 36. Rxh7 Rc8 37. Ra7 Rc6 38. h4 g5 39. hxg5 Kxg5 40. Re7 Rc2 41. Re5+ Kf6 42. Re2 Rc4 43. b3 Rc3+ 44. Kg4 Rc5 45. f4 Rc3 46. f5 Rc6 47. Re6+ 1-0

[Event "Toronto Battle of inv"]
[Site "Toronto CAN"]
[Date "2012.10.22"]
[Round "2"]
[White "Longo, Tyler"]
[Black "Uddin, Mohammad"]
[Result "1-0"]
[WhiteElo "2065"]
[BlackElo "1647"]
[PlyCount "66"]
[GameId "2160767909411811"]
[EventDate "2012.10.15"]
[EventType "tourn"]
[EventRounds "7"]
[EventCountry "CAN"]
[SourceTitle "EXT 2022"]
[Source "ChessBase"]
[SourceDate "2021.10.06"]
[SourceVersion "1"]
[SourceVersionDate "2021.10.06"]
[SourceQuality "1"]

1. d4 Nf6 2. Nf3 e6 3. e3 c5 4. Bd3 Nc6 5. b3 d5 6. Bb2 Bd6 7. Nbd2 O-O 8. O-O cxd4 9. exd4 b6 10. Ne5 Nb4 11. Be2 Bb7 12. a3 Nc6 13. Bd3 Rc8 14. f4 Ne7 15. Qe2 Nf5 16. g4 Nh4 17. g5 Nd7 18. Bxh7+ Kxh7 19. Qh5+ Kg8 20. Qxh4 Nxe5 21. fxe5 Be7 22. Rf6 Rxc2 23. Raf1 Rxd2 24. R1f3 Qc8 25. Rh3 Rd1+ 26. Rf1 Rxf1+ 27. Kxf1 f5 28. gxf6 Rxf6+ 29. exf6 Bxf6 30. Qh8+ Kf7 31. Qxc8 Bxc8 32. Rh8 Ba6+ 33. Kf2 Bd3 1-0